| 000 | 00756cab a2200241 4500 | ||
|---|---|---|---|
| 001 | WB3128-29 | ||
| 008 | 090401t1995 xxu||||| |||| 00| 0 eng d | ||
| 035 | _a(Sirsi) u35533 | ||
| 041 | _aeng | ||
| 245 | _aLive traffic jams on the Net | ||
| 260 | _c1995 | ||
| 350 | _a0 | ||
| 490 |
_aIndependent _v17 July 1995, 5(1) |
||
| 520 | _aDetails of traffic jams and motorway roadworks may be available on the Internet from next year under a project funded by the Department of Transport. | ||
| 650 | _aELECTRONIC INFORMATION SOURCES | ||
| 650 | _aINTERNET | ||
| 650 | _aMOTORWAYS | ||
| 650 | _aTRAFFIC JAMS | ||
| 650 | _aTRAFFIC MONITORING | ||
| 690 | _aMANAGEMENT-BUSINESS MANAGEMENT-INFORMATION MANAGEMENT | ||
| 942 | _n0 | ||
| 948 | _c04/03/1997 | ||
| 999 |
_c23256 _d23256 |
||